Czizmadia, A.: Jogi emlékek és hagyományok (Esszék és tanulymányok)

Bibliographic Details
Main Authors: Potemra, Michal, 1922-2002 (Author), Czizmadia, A. (Author)
Format: Article
Language:Slovak
Subjects:

MARC

LEADER 00000nab a2200000 a 4500
001 vtls000136989
003 SK-MaSNL
005 20260304062034.0
008 250422c1982 xo 0 slo
015 |a SNBRB19rr/mm-uuuuu 
035 |a CL0147095 
035 |a (urnnbn)urn:nbn:sk:snk:ar-004vw8 
035 |a (uuid)8e701c0c-736b-4f74-afb1-92ca7cc44b4c 
035 |a urn:nbn:sk:snk-ab7y90 
040 |a SNKBUCL  |b slo  |c SNKBUCL  |e AACR2 
041 0 |a slo 
044 |a xo  |c SK 
080 |a 340  |2 1981 
080 |a 943.9  |2 1981 
080 |a 929 Czizmadia, A.  |2 1981 
100 1 |a Potemra, Michal,  |d 1922-2002  |4 aut  |9 185296 
245 1 0 |a Czizmadia, A.: Jogi emlékek és hagyományok (Esszék és tanulymányok)  |c M. Potemra ; Andor Czizmadia 
650 0 7 |a právo historické  |2 snkbucl  |9 1011275 
650 0 7 |a Czizmadia, Andor  |2 snkbucl  |9 1346961 
651 7 |a Uhorsko  |2 snkbucl  |9 28673 
655 7 |a články z novín a časopisov  |2 snkbucl  |9 267496 
700 1 |a Czizmadia, A.  |4 aut  |9 1346962 
773 0 |t Historický časopis  |g Roč. 30, č. 6 (1982), s. 888-890 
787 0 8 |i Rec.:  |a Czizmadia, A.  |t Jogi emlékek és hagysmányok,(Esszék és tanulymányok)  |d Budapešť, 1981 
850 |a Slovenská národná knižnica 
852 |a Slovenská národná knižnica 
954 |a odborná, vedecká literatúra pôvodná (slovenská)  |2 lita 
958 |a article9 
958 |a OND 
958 |a RK 
958 |a HU 
958 |a EUIPO 
992 |a RBX 
999 |c 2736201  |d 2738131